[Event "SVK-chT3B2 1920"]
[Site "Slovakia"]
[Date "2019.11.24"]
[Round "4.1"]
[White "Gazik, Renata"]
[Black "Struhar, Jan"]
[Result "1/2-1/2"]
[WhiteElo "2037"]
[BlackElo "1931"]
[PlyCount "78"]
[EventDate "2019.10.06"]
[EventType "team-tourn"]
[EventRounds "11"]
[EventCountry "SVK"]
[SourceTitle "CBM 193 Extra"]
[Source "ChessBase"]
[SourceDate "2020.01.31"]
[SourceVersion "1"]
[SourceVersionDate "2020.01.31"]
[SourceQuality "1"]
[WhiteTeam "Bojnice"]
[BlackTeam "Nemsova Horne Srnie"]
[WhiteTeamCountry "SVK"]
[BlackTeamCountry "SVK"]

1. d4 Nf6 2. Nf3 g6 3. c4 c5 4. d5 b5 5. cxb5 a6 6. b6 Qxb6 7. Nc3 Bg7 8. e4 d6 9. Nd2 0-0 10. Nc4 Qc7 11. Bd3 Bd7 12. 0-0 Bb5 13. Qe2 Nbd7 14. a4 Bxc4 15. Bxc4 Qb7 16. f4 Ne8 17. Ra3 Nc7 18. Re1 Rab8 19. Kh1 Qa7 20. Be3 Rb4 21. Rb3 Rxb3 22. Bxb3 Rb8 23. Bc4 Rb4 24. Rc1 Qb7 25. b3 Nb6 26. e5 Nbxd5 27. Nxd5 Nxd5 28. Bd2 dxe5 29. Bxb4 Nxf4 30. Qf1 Qxb4 31. g3 Qb7+ 32. Kg1 Nd5 33. Bxa6 Qxb3 34. Rxc5 Qb6 35. Qb5 e4 36. Qxb6 Nxb6 37. Rc7 Nxa4 38. Rxe7 Kf8 39. Rc7 Be5 1/2-1/2

[Event "SVK-chT3B2 1920"]
[Site "Slovakia"]
[Date "2019.10.20"]
[Round "2.1"]
[White "Gazik, Renata"]
[Black "Podoba, Milan"]
[Result "1-0"]
[WhiteElo "2037"]
[BlackElo "1970"]
[PlyCount "65"]
[EventDate "2019.10.06"]
[EventType "team-tourn"]
[EventRounds "11"]
[EventCountry "SVK"]
[SourceTitle "CBM 193 Extra"]
[Source "ChessBase"]
[SourceDate "2020.01.31"]
[SourceVersion "1"]
[SourceVersionDate "2020.01.31"]
[SourceQuality "1"]
[WhiteTeam "Bojnice"]
[BlackTeam "Dubnica nad Vahom III"]
[WhiteTeamCountry "SVK"]
[BlackTeamCountry "SVK"]

1. d4 d5 2. Nf3 Nf6 3. c4 c6 4. Nc3 e6 5. Bg5 h6 6. Bh4 dxc4 7. a4 Bb4 8. e3 b5 9. Nd2 Bxc3 10. bxc3 Nbd7 11. Qf3 Nb6 12. Qxc6+ Bd7 13. Qf3 g5 14. Bg3 g4 15. Qd1 Nxa4 16. Rc1 Rg8 17. Bh4 Bc6 18. e4 Nxc3 19. Rxc3 Qxd4 20. Bxf6 Qxf6 21. Rg3 Rd8 22. Qc1 Qd4 23. h3 h5 24. hxg4 Rxg4 25. Rxg4 hxg4 26. Be2 c3 27. Nb3 Qe5 28. Bxg4 Bxe4 29. Rh5 Bf5+ 30. Be2 Qd5 31. Qxc3 Qxg2 32. Bxb5+ Ke7 33. Qc7+ 1-0

[Event "Vaujany op-A 6th"]
[Site "Vaujany"]
[Date "2015.07.15"]
[Round "7"]
[White "Gazik, Renata"]
[Black "Ravot, Sylvain"]
[Result "0-1"]
[WhiteElo "2058"]
[BlackElo "2238"]
[PlyCount "86"]
[EventDate "2015.07.09"]
[EventType "swiss"]
[EventRounds "9"]
[EventCountry "FRA"]
[SourceTitle "EXT 2016"]
[Source "ChessBase"]
[SourceDate "2015.10.08"]
[SourceVersion "1"]
[SourceVersionDate "2015.10.08"]
[SourceQuality "1"]

1. d4 Nf6 2. Bg5 g6 3. Bxf6 exf6 4. e3 f5 5. g3 Bg7 6. c4 0-0 7. Bg2 d6 8. Nc3 c6 9. Nge2 Nd7 10. b4 Nb6 11. b5 c5 12. Qd3 Be6 13. d5 Bc8 14. 0-0 Nd7 15. Nf4 Qa5 16. Rfc1 a6 17. Rab1 Bxc3 18. Rxc3 axb5 19. Rxb5 Qxa2 20. Bf1 Ne5 21. Qb1 Qxb1 22. Rxb1 Ra2 23. Nd3 Nf3+ 24. Kg2 Nd2 25. Rb2 Rxb2 26. Nxb2 Bd7 27. Be2 Ra8 28. Rd3 Ne4 29. Rb3 Bc8 30. Bd3 Kf8 31. h3 Ke7 32. Bc2 Ra2 33. Rb6 Nd2 34. Bd1 Kd7 35. Rb5 Kc7 36. Na4 Nxc4 37. Bb3 Nxe3+ 38. Kf3 Ra3 39. fxe3 Bd7 40. Nc3 c4 41. Rb4 Rxb3 42. Rxc4+ Kd8 43. h4 b5 0-1

[Event "Vaujany op-A 6th"]
[Site "Vaujany"]
[Date "2015.07.13"]
[Round "5"]
[White "Gazik, Renata"]
[Black "Yao, Stefano"]
[Result "1-0"]
[WhiteElo "2058"]
[BlackElo "2269"]
[PlyCount "121"]
[EventDate "2015.07.09"]
[EventType "swiss"]
[EventRounds "9"]
[EventCountry "FRA"]
[SourceTitle "EXT 2016"]
[Source "ChessBase"]
[SourceDate "2015.10.08"]
[SourceVersion "1"]
[SourceVersionDate "2015.10.08"]
[SourceQuality "1"]

1. d4 Nf6 2. Bg5 e6 3. e4 h6 4. Bxf6 Qxf6 5. c3 d6 6. Bd3 g6 7. Ne2 Bg7 8. 0-0 e5 9. f4 Qe7 10. fxe5 dxe5 11. d5 0-0 12. Qc2 a5 13. Nd2 h5 14. c4 Na6 15. a3 Nc5 16. b3 Qg5 17. Kh1 Bh6 18. Nf3 Qe3 19. Rad1 Nxd3 20. Qxd3 Re8 21. Nc3 Qc5 22. Nb5 Bd7 23. a4 Ra6 24. Qc3 f6 25. Rd3 Kh7 26. Rfd1 Bf8 27. Rf1 Bg7 28. Qd2 Rd8 29. Nh4 Be8 30. Qe2 Bh6 31. g4 hxg4 32. Qxg4 Bg5 33. Rh3 Bd7 34. Nxg6+ Kg7 35. Rf5 Bxf5 36. exf5 Qb4 37. Nc3 Qa3 38. Qh5 Qc1+ 39. Nd1 Bh6 40. Rg3 Kh7 41. Ne7 Rf8 42. Kg2 Qf4 43. Nf2 Qd2 44. Qg6+ Kh8 45. Rh3 Qg5+ 46. Ng4 Qd2+ 47. Nf2 Qg5+ 48. Rg3 Qxg6 49. Nxg6+ Kh7 50. Nxf8+ Bxf8 51. Ne4 Be7 52. c5 b6 53. d6 cxd6 54. cxd6 Bd8 55. Rg6 b5 56. Nxf6+ Bxf6 57. Rxf6 bxa4 58. bxa4 Kg7 59. Re6 Kf7 60. d7 Ra8 61. Re8 1-0

[Event "Veliko Gradiste Silver Lake op-A"]
[Site "Veliko Gradiste"]
[Date "2015.06.27"]
[Round "8"]
[White "Gazik, Renata"]
[Black "Raykov, Stefan"]
[Result "0-1"]
[WhiteElo "2058"]
[BlackElo "2032"]
[PlyCount "66"]
[EventDate "2015.06.20"]
[EventType "swiss"]
[EventRounds "9"]
[EventCountry "SRB"]
[SourceTitle "CBM 167 Extra"]
[Source "ChessBase"]
[SourceDate "2015.09.14"]
[SourceVersion "1"]
[SourceVersionDate "2015.09.14"]
[SourceQuality "1"]

1. d4 d5 2. Nf3 Nf6 3. e3 e6 4. Bd3 c5 5. c3 Nc6 6. Nbd2 Be7 7. 0-0 0-0 8. Ne5 Nxe5 9. dxe5 Nd7 10. f4 f5 11. exf6 Bxf6 12. Qh5 g6 13. Bxg6 hxg6 14. Qxg6+ Bg7 15. Qxe6+ Rf7 16. Qxd5 Qe7 17. e4 Nf6 18. Qd3 Bd7 19. e5 Ng4 20. Nf3 Bf5 21. Qc4 Be6 22. Qe2 Raf8 23. h3 Nh6 24. Be3 Nf5 25. Bf2 Bh6 26. g3 Nxg3 27. Bxg3 Bxh3 28. Rf2 Bxf4 29. Bxf4 Rxf4 30. Rh2 Qh7 31. Kh1 Bf1 32. Kg1 Bxe2 33. Rxh7 Kxh7 0-1

[Event "Veliko Gradiste Silver Lake op-A"]
[Site "Veliko Gradiste"]
[Date "2015.06.23"]
[Round "4"]
[White "Biljanic, Ljubomir"]
[Black "Gazik, Renata"]
[Result "1/2-1/2"]
[WhiteElo "2240"]
[BlackElo "2058"]
[PlyCount "42"]
[EventDate "2015.06.20"]
[EventType "swiss"]
[EventRounds "9"]
[EventCountry "SRB"]
[SourceTitle "CBM 167 Extra"]
[Source "ChessBase"]
[SourceDate "2015.09.14"]
[SourceVersion "1"]
[SourceVersionDate "2015.09.14"]
[SourceQuality "1"]

1. d4 e6 2. c4 Nf6 3. Nc3 Bb4 4. Qc2 0-0 5. Nf3 b6 6. a3 Bxc3+ 7. Qxc3 Bb7 8. g3 d5 9. Bg2 Nbd7 10. 0-0 c5 11. cxd5 Bxd5 12. b4 Ne4 13. Qe3 cxb4 14. axb4 Qe7 15. Ne1 Ndf6 16. Nd3 Rfc8 17. f3 Nd6 18. Qf2 Bc4 19. Ne5 Bb5 20. Bg5 Rc2 21. Rfe1 Rac8 1/2-1/2

[Event "SVK-chT2B 1415"]
[Site "Slovakia"]
[Date "2014.12.07"]
[Round "6.1"]
[White "Gazik, Renata"]
[Black "Bielik, Peter"]
[Result "1-0"]
[WhiteElo "2061"]
[BlackElo "1901"]
[PlyCount "61"]
[EventDate "2014.10.11"]
[EventType "team-tourn"]
[EventRounds "11"]
[EventCountry "SVK"]
[SourceTitle "EXT 2019"]
[Source "ChessBase"]
[SourceDate "2018.10.10"]
[SourceVersion "1"]
[SourceVersionDate "2018.10.10"]
[SourceQuality "1"]
[WhiteTeam "Bojnice SK PRM"]
[BlackTeam "Povazske Podhradie SK"]
[WhiteTeamCountry "SVK"]
[BlackTeamCountry "SVK"]

1. d4 d5 2. Nf3 Nf6 3. e3 e6 4. Bd3 c5 5. b3 Nc6 6. Bb2 b6 7. 0-0 Be7 8. Nbd2 Bb7 9. Ne5 Rc8 10. f4 0-0 11. a3 cxd4 12. exd4 Nxe5 13. fxe5 Ne4 14. Qe2 f5 15. exf6 Bxf6 16. Rae1 Qd6 17. Kh1 Bh4 18. Rc1 Bg5 19. Bxe4 Bxd2 20. Bxh7+ Kxh7 21. Qxd2 Ba6 22. Rxf8 Rxf8 23. Kg1 Rf6 24. c4 Qf8 25. h3 dxc4 26. bxc4 Kg8 27. d5 Rf4 28. d6 Bxc4 29. d7 Rf1+ 30. Rxf1 Qxf1+ 31. Kh2 1-0

[Event "SVK-chT2B 1314"]
[Site "Slovakia"]
[Date "2014.02.23"]
[Round "9.1"]
[White "Beres, Lukas"]
[Black "Gazik, Renata"]
[Result "1-0"]
[WhiteElo "1989"]
[BlackElo "2067"]
[PlyCount "57"]
[EventDate "2013.10.19"]
[EventType "team-tourn"]
[EventRounds "11"]
[EventCountry "SVK"]
[SourceTitle "EXT 2015"]
[Source "ChessBase"]
[SourceDate "2014.11.20"]
[SourceVersion "1"]
[SourceVersionDate "2014.11.20"]
[SourceQuality "1"]
[WhiteTeam "Tlmace"]
[BlackTeam "Bojnice"]
[WhiteTeamCountry "SVK"]
[BlackTeamCountry "SVK"]

1. e4 e6 2. d4 d5 3. Nd2 Nf6 4. e5 Nfd7 5. Bd3 c5 6. c3 Nc6 7. Ne2 cxd4 8. cxd4 Qb6 9. Nf3 f6 10. exf6 Nxf6 11. 0-0 Bd6 12. Ng3 0-0 13. b3 e5 14. dxe5 Nxe5 15. Nxe5 Bxe5 16. Be3 Qa5 17. Rb1 Qxa2 18. Bc5 Re8 19. f4 Bg4 20. Qc1 Rac8 21. fxe5 Nd7 22. b4 b6 23. Ra1 Qb3 24. Bc2 Qc4 25. Rf4 d4 26. Bxh7+ Kxh7 27. Qxc4 Be6 28. Qd3+ Kg8 29. Bd6 1-0

[Event "Vaujany op 4th"]
[Site "Vaujany"]
[Date "2013.07.11"]
[Round "1"]
[White "Manolache, Marius"]
[Black "Gazik, Renata"]
[Result "1-0"]
[WhiteElo "2504"]
[BlackElo "2103"]
[PlyCount "55"]
[EventDate "2013.07.11"]
[EventType "swiss"]
[EventRounds "9"]
[EventCountry "FRA"]
[SourceTitle "EXT 2014"]
[Source "ChessBase"]
[SourceDate "2013.11.20"]
[SourceVersion "1"]
[SourceVersionDate "2013.11.20"]
[SourceQuality "1"]

1. d4 Nf6 2. Bg5 e6 3. e4 h6 4. Bxf6 Qxf6 5. Nc3 b6 6. Nf3 Bb7 7. a3 d5 8. Bb5+ c6 9. Bd3 Ba6 10. Bxa6 Nxa6 11. Ne5 Rc8 12. Qe2 Nb8 13. exd5 cxd5 14. Qb5+ Kd8 15. 0-0 Bd6 16. f4 Rf8 17. Rad1 Rc7 18. f5 Bxe5 19. dxe5 Qxe5 20. fxe6 Qxe6 21. Rfe1 Qc6 22. Qe2 Qc5+ 23. Kh1 Rd7 24. Nxd5 f6 25. Nf4 Kc8 26. Ne6 Re8 27. Rxd7 Nxd7 28. Nxc5 1-0

[Event "SVK-chT2B 1213"]
[Site "Slovakia"]
[Date "2013.02.02"]
[Round "7.3"]
[White "Gazik, Renata"]
[Black "Velcko, Miroslav"]
[Result "1-0"]
[WhiteElo "2064"]
[BlackElo "2189"]
[PlyCount "120"]
[EventDate "2012.10.13"]
[EventType "team-tourn"]
[EventRounds "11"]
[EventCountry "SVK"]
[SourceTitle "EXT 2015"]
[Source "ChessBase"]
[SourceDate "2014.11.20"]
[SourceVersion "1"]
[SourceVersionDate "2014.11.20"]
[SourceQuality "1"]
[WhiteTeam "Bojnice"]
[BlackTeam "Trencin II"]
[WhiteTeamCountry "SVK"]
[BlackTeamCountry "SVK"]

1. d4 d5 2. Nf3 Nf6 3. Bf4 Bf5 4. e3 Nbd7 5. Be2 e6 6. Nh4 Bg6 7. Nd2 c5 8. c3 cxd4 9. exd4 Be7 10. 0-0 0-0 11. Nxg6 hxg6 12. Re1 Qb6 13. Qb3 Rfc8 14. Bd3 Nh5 15. Be3 Bd6 16. g3 Nhf6 17. Nf3 Qc7 18. Qc2 Nb6 19. Ne5 Bxe5 20. dxe5 Ng4 21. Bd4 Nd7 22. Qe2 Nh6 23. g4 Qd8 24. f3 a5 25. Qe3 Qe7 26. h3 Nc5 27. Bb5 Nd7 28. Kg2 Nb8 29. f4 Nc6 30. Bc5 Qh4 31. Re2 a4 32. Bb6 Na5 33. Qf3 Nc4 34. Bf2 Qe7 35. b3 axb3 36. a4 Ra5 37. Qd3 Kh8 38. Bd4 Qc7 39. Rb1 b2 40. Bxc4 dxc4 41. Qf3 Rxa4 42. Rexb2 Qa5 43. Rb5 Ra2+ 44. Kg3 Qa4 45. Qxb7 Rd8 46. Qc7 Rxd4 47. Rb8+ Kh7 48. Qc8 g5 49. Qh8+ Kg6 50. f5+ Nxf5+ 51. gxf5+ Kxf5 52. Qh7+ Kxe5 53. Qxg7+ f6 54. cxd4+ Kd5 55. Rd8+ Ke4 56. Qb7+ Kd3 57. Qf3+ Kc2 58. Qd1+ Kc3 59. Qe1+ Rd2 60. Rc1+ Kd3 1-0

[Event "SVK-chT2B 1213"]
[Site "Slovakia"]
[Date "2012.12.01"]
[Round "3"]
[White "Balogh, Peter1111"]
[Black "Gazik, Renata"]
[Result "1/2-1/2"]
[WhiteElo "2013"]
[BlackElo "2064"]
[PlyCount "123"]
[EventDate "2012.10.13"]
[EventType "team-tourn"]
[EventRounds "11"]
[EventCountry "SVK"]
[SourceTitle "EXT 2015"]
[Source "ChessBase"]
[SourceDate "2014.11.20"]
[SourceVersion "1"]
[SourceVersionDate "2014.11.20"]
[SourceQuality "1"]
[WhiteTeam "Komarno II"]
[BlackTeam "Bojnice"]
[WhiteTeamCountry "SVK"]
[BlackTeamCountry "SVK"]

1. e4 c6 2. d4 d5 3. e5 Bf5 4. h4 h6 5. g4 Be4 6. f3 Bg6 7. h5 Bh7 8. e6 fxe6 9. Bd3 Qd6 10. Ne2 Bxd3 11. Qxd3 e5 12. dxe5 Qxe5 13. Kf2 Qd6 14. Nf4 Nd7 15. Re1 Nc5 16. Qe2 Nf6 17. Kg2 0-0-0 18. Ng6 Rg8 19. Bf4 Qd7 20. Ne5 Qe8 21. b4 Ne6 22. Bg3 Ng5 23. Qd3 e6 24. Qd4 b6 25. a4 Kb7 26. a5 c5 27. Qf4 b5 28. bxc5 Bxc5 29. Nc4 Qc6 30. a6+ Ka8 31. Na5 Qxa6 32. Nb3 Qc6 33. Nxc5 Qxc5 34. Bf2 Qxf2+ 35. Kxf2 Nh3+ 36. Kg3 Nxf4 37. Kxf4 Rgf8 38. Kg3 Rde8 39. Nc3 Rb8 40. Ra5 b4 41. Nb5 Rf7 42. Rb1 Ne8 43. Nd4 Rb6 44. c3 Nd6 45. Rxb4 Rxb4 46. cxb4 Nc4 47. Ra6 e5 48. Nc6 Rd7 49. Na5 Nxa5 50. bxa5 d4 51. Kf2 Rd5 52. Ke2 Kb7 53. Rg6 Rxa5 54. Rxg7+ Kc6 55. Rg6+ Kd5 56. Rxh6 Ra2+ 57. Kd3 a5 58. Ra6 Ra3+ 59. Ke2 Kc4 60. Rc6+ Kd5 61. Ra6 Kc4 62. Rc6+ 1/2-1/2

[Event "SVK-chT1E 1213"]
[Site "Slovakia"]
[Date "2012.10.20"]
[Round "1.5"]
[White "Kral, Peter"]
[Black "Gazik, Renata"]
[Result "1/2-1/2"]
[WhiteElo "2182"]
[BlackElo "2064"]
[PlyCount "85"]
[EventDate "2012.10.20"]
[EventType "team-tourn"]
[EventRounds "11"]
[EventCountry "SVK"]
[SourceTitle "EXT 2014"]
[Source "ChessBase"]
[SourceDate "2013.11.20"]
[SourceVersion "1"]
[SourceVersionDate "2013.11.20"]
[SourceQuality "1"]
[WhiteTeam "Filakovo"]
[BlackTeam "Liptov Chess School"]
[WhiteTeamCountry "SVK"]
[BlackTeamCountry "SVK"]

1. e4 e6 2. c4 d5 3. exd5 exd5 4. d4 Nf6 5. Nc3 Bb4 6. Qb3 Nc6 7. Be3 0-0 8. h3 Re8 9. Nf3 Be6 10. c5 Bxc5 11. Bb5 Bd6 12. 0-0 Na5 13. Qc2 c6 14. Bd3 Nc4 15. Bc1 Rc8 16. a4 Bb8 17. Ng5 g6 18. f4 Qc7 19. b3 Nd6 20. Nxe6 fxe6 21. Ba3 Nf5 22. Qf2 Nh5 23. Ne2 Nf6 24. g4 Nd6 25. Ng3 a5 26. Rac1 Ba7 27. Kg2 Rf8 28. f5 exf5 29. gxf5 g5 30. Qe3 Rce8 31. Qxg5+ Kh8 32. Qf4 Bb8 33. Rce1 Rg8 34. Bxd6 Qxd6 35. Rxe8 Rxe8 36. Qxd6 Bxd6 37. Kf3 Bb4 38. Rd1 Kg7 39. Ne2 Nh5 40. Nf4 Nxf4 41. Kxf4 Kf6 42. Kf3 Re1 43. Rxe1 1/2-1/2

[Event "CZE/SVK-chT (Women)"]
[Site "Ruzomberok"]
[Date "2012.07.03"]
[Round "7.3"]
[White "Vankova, Marcela"]
[Black "Gazik, Renata"]
[Result "0-1"]
[WhiteElo "1982"]
[BlackElo "2057"]
[PlyCount "62"]
[EventDate "2012.06.30"]
[EventType "team-tourn"]
[EventRounds "9"]
[EventCountry "SVK"]
[SourceTitle "CBM 149 Extra"]
[Source "ChessBase"]
[SourceDate "2012.08.24"]
[SourceVersion "1"]
[SourceVersionDate "2012.08.24"]
[SourceQuality "1"]
[WhiteTeam "Jicin (W)"]
[BlackTeam "Liptov Chess School West (W)"]
[WhiteTeamCountry "CZE"]
[BlackTeamCountry "SVK"]

1. c4 Nf6 2. Nc3 c6 3. d4 d5 4. cxd5 cxd5 5. Bf4 Nc6 6. e3 a6 7. a3 Bf5 8. Bd3 Bg6 9. Bxg6 hxg6 10. h3 e6 11. Nf3 Be7 12. Ne5 Rc8 13. Nxc6 Rxc6 14. Qd3 Qb6 15. Rb1 Qb3 16. Ke2 0-0 17. Rhc1 Rfc8 18. f3 Nd7 19. Bg3 Nb6 20. Qc2 Qc4+ 21. Qd3 Na4 22. Qxc4 Rxc4 23. Be1 b5 24. Bd2 Nxb2 25. Rxb2 Bxa3 26. Rbb1 Bxc1 27. Rxc1 b4 28. Na2 b3 29. Rxc4 Rxc4 30. Nc3 b2 31. Nb1 Rc1 0-1

[Event "Orlova (Women)"]
[Site "Orlova"]
[Date "2011.05.24"]
[Round "4"]
[White "Gazik, Renata"]
[Black "Jakubiec, Edyta"]
[Result "0-1"]
[WhiteElo "2074"]
[BlackElo "2206"]
[PlyCount "90"]
[EventDate "2011.05.21"]
[EventType "tourn"]
[EventRounds "9"]
[EventCountry "CZE"]
[SourceTitle "CBM 142 Extra"]
[Source "ChessBase"]
[SourceDate "2011.06.27"]
[SourceVersion "1"]
[SourceVersionDate "2011.06.27"]
[SourceQuality "1"]

1. d4 f5 2. Nc3 Nf6 3. Bg5 d5 4. Bxf6 exf6 5. e3 Be6 6. Qf3 Nc6 7. Bb5 Qd6 8. Nge2 0-0-0 9. Nf4 Bf7 10. Nd3 g6 11. Nc5 a6 12. Qe2 Nb8 13. Bd3 h5 14. b4 f4 15. 0-0 fxe3 16. Qxe3 Nd7 17. Qh3 Kb8 18. N3a4 Nb6 19. Nxb7 Kxb7 20. Nc5+ Ka7 21. Bxa6 Nc4 22. Qb3 Qc6 23. Bb7 Qb5 24. a4 Qxb7 25. Nxb7 Kxb7 26. Rfe1 Bd6 27. a5 Ra8 28. Qa4 Be8 29. a6+ Ka7 30. b5 Rb8 31. Rab1 Bd7 32. Rb3 f5 33. f3 g5 34. Kf2 h4 35. Re5 Nxe5 36. dxe5 Bc5+ 37. Ke2 Bb6 38. Rd3 Be6 39. f4 gxf4 40. Qxf4 Rbg8 41. Qf3 Rg4 42. c4 Re4+ 43. Kd1 Rxc4 44. Rxd5 Bxd5 45. Qxd5 Rd4+ 0-1

[Event "Orlova (Women)"]
[Site "Orlova"]
[Date "2011.05.22"]
[Round "2"]
[White "Gazik, Renata"]
[Black "Olsarova, Karolina"]
[Result "0-1"]
[WhiteElo "2074"]
[BlackElo "2242"]
[PlyCount "50"]
[EventDate "2011.05.21"]
[EventType "tourn"]
[EventRounds "9"]
[EventCountry "CZE"]
[SourceTitle "CBM 142 Extra"]
[Source "ChessBase"]
[SourceDate "2011.06.27"]
[SourceVersion "1"]
[SourceVersionDate "2011.06.27"]
[SourceQuality "1"]

1. d4 d5 2. Nc3 Nf6 3. Bg5 Bf5 4. Bxf6 gxf6 5. f3 Bg6 6. e4 c6 7. Nge2 e6 8. h4 h5 9. Nf4 Qd6 10. Nce2 Bh6 11. Nxg6 fxg6 12. c3 Nd7 13. Qd3 Kf7 14. g3 Rhe8 15. f4 e5 16. fxe5 fxe5 17. Bg2 dxe4 18. Bxe4 Kg7 19. 0-0 Rad8 20. Rad1 exd4 21. cxd4 Nf6 22. Bf3 Re3 23. Qc4 Rde8 24. Kg2 Nd5 25. Nc3 Rxc3 0-1